[Event "London Classic Open 2018"]
[Site "London ENG"]
[Date "2018.12.09"]
[Round "1.86"]
[White "Jones, Steven A"]
[Black "Merriman, James"]
[Result "0-1"]
[WhiteElo "2163"]
[BlackElo "1696"]
[WhiteFideId "419630"]
[BlackFideId "452270"]
[EventDate "2018.12.09"]

1. e4 e6 2. d4 d5 3. Nc3 Nf6 4. Bg5 Bb4 5. exd5 Qxd5 6. Bxf6 gxf6 7. Qd2 Qa5 8.
Bd3 Bxc3 9. bxc3 Bd7 10. Ne2 Bc6 11. Nf4 Nd7 12. c4 Qg5 13. h4 Qg4 14. Be2 Qg7
15. d5 exd5 16. cxd5 Ba4 17. Qd4 Bxc2 18. Rc1 Bf5 19. Rxc7 O-O 20. g4 Bxg4 21.
Rg1 Ne5 22. Bxg4 f5 23. Nh5 fxg4 24. Nxg7 Nf3+ 25. Kf1 Nxd4 26. Rxg4 Kh8 27.
Rxb7 Nf3 28. Nf5 Nh2+ 0-1

[Event "London Classic Open 2018"]
[Site "London ENG"]
[Date "2018.12.09"]
[Round "1.87"]
[White "Basnayake, I U"]
[Black "Georgescu, Lena"]
[Result "0-1"]
[WhiteTitle "WCM"]
[BlackTitle "WFM"]
[WhiteElo "1692"]
[BlackElo "2162"]
[WhiteFideId "9901698"]
[BlackFideId "1331973"]
[EventDate "2018.12.09"]

1. e4 c5 2. Nc3 Nc6 3. f4 g6 4. Nf3 Bg7 5. Bc4 e6 6. d3 Nge7 7. O-O d5 8. Bb3
O-O 9. Qe1 Nd4 10. Nxd4 cxd4 11. Nd1 b6 12. Bd2 dxe4 13. dxe4 Bb7 14. Rf3 Rc8
15. Rh3 Nc6 16. Qg3 Na5 17. Bxa5 bxa5 18. Nf2 Qe7 19. a4 Rfd8 20. Re1 Ba6 21.
Nd3 Bc4 22. Qf2 Bxb3 23. cxb3 Qb7 24. f5 exf5 25. exf5 Re8 26. Rxe8+ Rxe8 27. f6
Bf8 28. Qh4 h6 29. Qxd4 Qxb3 30. Rf3 Qd1+ 31. Rf1 Qd2 32. Qc3 Qe3+ 33. Kh1 Rd8
34. Rf3 Qe2 35. h3 Qd1+ 36. Kh2 Bd6+ 37. Ne5 Qd5 38. Re3 Re8 39. Qd3 Qxd3 40.
Rxd3 Bxe5+ 41. Kg1 Bxf6 42. b3 Re2 43. Kf1 Rb2 44. g4 Kg7 45. Ke1 Be7 46. Kd1
Bb4 47. Kc1 Rh2 48. Rf3 h5 49. gxh5 gxh5 50. Rg3+ Kf6 51. Rf3+ Kg6 52. Rg3+ Kf5
53. Rf3+ Ke4 54. Rxf7 Rxh3 55. Kc2 Rh2+ 56. Kb1 h4 57. Rxa7 h3 58. Rh7 Kd3 59.
Rg7 Rh1+ 60. Ka2 Ra1+ 61. Kxa1 Bc3+ 62. Ka2 Bxg7 0-1

[Event "London Classic Open 2018"]
[Site "London ENG"]
[Date "2018.12.09"]
[Round "1.89"]
[White "Thatte, Nishchal"]
[Black "Stewart, Ashley"]
[Result "1-0"]
[WhiteElo "1649"]
[BlackElo "2160"]
[WhiteFideId "447234"]
[BlackFideId "419001"]
[EventDate "2018.12.09"]

1. e4 c5 2. c3 d5 3. exd5 Qxd5 4. d4 g6 5. Nf3 Bg7 6. Na3 cxd4 7. Bc4 Qe4+ 8.
Be3 Nh6 9. Nb5 O-O 10. Bd3 Qg4 11. Bxh6 Bxh6 12. Nc7 dxc3 13. bxc3 Rd8 14. O-O
Nc6 15. Nxa8 Qf4 16. Qe2 Bg4 17. Rad1 Bg7 18. Qe4 Qxe4 19. Bxe4 Rxa8 20. h3 Be6
21. Rd2 Bxc3 22. Rc2 Bf6 23. Rb1 Na5 24. Rb5 Nc4 25. Bxb7 Rd8 26. Rc5 Rd1+ 27.
Kh2 Nd6 28. Ba6 Ne4 29. Rc7 Nd2 30. Rxa7 Nxf3+ 31. gxf3 Bf5 32. Re2 e6 33. Bb5
Kg7 34. Rd7 Ra1 35. Bc4 h5 36. Bb3 Bg5 37. Rd1 Bc1 38. Kg2 Rb1 39. Ree1 Rxb3 40.
axb3 Ba3 41. Rd7 g5 42. Ra1 Bb2 43. Raa7 Bg6 44. b4 Kf6 45. b5 g4 46. hxg4 hxg4
47. fxg4 Kg5 48. f3 e5 49. b6 e4 50. b7 Be5 51. Ra5 1-0

[Event "London Classic Open 2018"]
[Site "London ENG"]
[Date "2018.12.09"]
[Round "1.90"]
[White "Smith, Andrew Philip"]
[Black "Zheng, William"]
[Result "1-0"]
[WhiteTitle "FM"]
[WhiteElo "2157"]
[BlackElo "1649"]
[WhiteFideId "2500833"]
[BlackFideId "439037"]
[EventDate "2018.12.09"]

1. e4 e5 2. d4 exd4 3. Qxd4 Nc6 4. Qe3 b6 5. Nc3 Bc5 6. Qg3 Bd4 7. Nge2 Be5 8.
Bf4 Bxf4 9. Nxf4 g6 10. Nfd5 d6 11. Nb5 Rb8 12. Qc3 Ne5 13. Nbxc7+ Kf8 14. f4
Nh6 15. O-O-O Nhg4 16. fxe5 dxe5 17. Qf3 Nh6 18. Qf6 Qxf6 19. Nxf6 Bg4 20. Nxg4
Nxg4 21. Rd2 Rc8 22. Nd5 Kg7 23. Ba6 Rc5 24. b4 Rc6 25. Bb5 Rd6 26. h3 Nf6 27.
Nxf6 Rxd2 28. Kxd2 Kxf6 29. Rf1+ Kg7 30. Rf3 Rc8 31. Rc3 Rxc3 32. Kxc3 Kf6 33.
Bd3 Ke7 34. Kc4 Kd6 35. Kb5 Kc7 36. Ka6 Kb8 37. c4 f6 38. a4 h6 39. a5 bxa5 40.
Kxa5 h5 41. b5 f5 42. exf5 gxf5 43. Bxf5 e4 44. Bxe4 h4 45. c5 Kc7 46. Ka6 Kb8
47. Bd5 Kc7 48. Kxa7 Kd7 49. b6 1-0

[Event "London Classic Open 2018"]
[Site "London ENG"]
[Date "2018.12.09"]
[Round "1.91"]
[White "Megias, Eva"]
[Black "Stone, Andrew M"]
[Result "0-1"]
[WhiteElo "1638"]
[BlackElo "2157"]
[WhiteFideId "465062"]
[BlackFideId "404985"]
[EventDate "2018.12.09"]

1. e4 e6 2. f4 d5 3. e5 c5 4. Nf3 Nc6 5. c3 d4 6. d3 Nh6 7. Nbd2 Nf5 8. Ne4 Be7
9. Be2 b6 10. Bd2 Bb7 11. Qc2 dxc3 12. bxc3 O-O 13. O-O b5 14. Rab1 b4 15. Bc1
a5 16. a3 Ba6 17. axb4 cxb4 18. Kh1 bxc3 19. Qxc3 Ncd4 20. Nxd4 Nxd4 21. Qe1
Nxe2 22. Qxe2 Bxd3 23. Qg4 Bxe4 24. f5 exf5 25. Qg3 Bh4 26. Qb3 a4 27. Qb6 a3
28. Qxd8 Rfxd8 29. Rb7 Bxb7 0-1

[Event "London Classic Open 2018"]
[Site "London ENG"]
[Date "2018.12.09"]
[Round "1.92"]
[White "Pollack, Oscar"]
[Black "Nergard, Ole-Kristian"]
[Result "1-0"]
[WhiteElo "2150"]
[BlackElo "1630"]
[WhiteFideId "429414"]
[BlackFideId "1543156"]
[EventDate "2018.12.09"]

1. e4 c5 2. Nf3 d6 3. d4 cxd4 4. Nxd4 Nf6 5. Nc3 g6 6. Be3 Bg7 7. f3 O-O 8. Qd2
Nc6 9. O-O-O d5 10. exd5 Nxd5 11. Nxc6 bxc6 12. Bd4 Bxd4 13. Qxd4 Qb6 14. Nxd5
Qxd4 15. Nxe7+ Kg7 16. Rxd4 Re8 17. Nxc6 Be6 18. Bc4 Bxc4 19. Rxc4 Re2 20. g3
Rc8 21. Ne5 Rd8 22. f4 Rdd2 23. Rc7 a5 24. Rxf7+ Kg8 25. Rc7 Kf8 26. Rd1 1-0

[Event "London Classic Open 2018"]
[Site "London ENG"]
[Date "2018.12.09"]
[Round "1.94"]
[White "Bezuidenhout, Roland"]
[Black "Stoyanov, Boris"]
[Result "1-0"]
[WhiteTitle "FM"]
[WhiteElo "2145"]
[BlackElo "1594"]
[WhiteFideId "14304562"]
[BlackFideId "456462"]
[EventDate "2018.12.09"]

1. e4 c5 2. Nf3 g6 3. g3 Nc6 4. Bg2 Bg7 5. O-O e6 6. c3 Nge7 7. d4 cxd4 8. cxd4
d5 9. e5 O-O 10. Nc3 a6 11. Bf4 Nf5 12. Rc1 b6 13. Qd2 Bd7 14. g4 Nfe7 15. Ne2
Rc8 16. Bh6 b5 17. Ng3 Qb6 18. Bxg7 Kxg7 19. Qg5 Ng8 20. Nh5+ Kh8 21. Nf6 Qb7
22. Qh4 Nxf6 23. exf6 Nb4 24. Ng5 h5 25. gxh5 Kg8 26. hxg6 fxg6 27. Qh7# 1-0

[Event "London Classic Open 2018"]
[Site "London ENG"]
[Date "2018.12.09"]
[Round "1.95"]
[White "Tomy, Jeff"]
[Black "Willmoth, Robert F"]
[Result "0-1"]
[BlackTitle "CM"]
[WhiteElo "1578"]
[BlackElo "2144"]
[WhiteFideId "427489"]
[BlackFideId "402540"]
[EventDate "2018.12.09"]

1. d4 Nf6 2. c4 e5 3. dxe5 Ng4 4. Nf3 Nc6 5. Bf4 Bb4+ 6. Bd2 Bc5 7. e3 Ngxe5 8.
Nxe5 Nxe5 9. Bc3 Qe7 10. Be2 O-O 11. O-O a5 12. Nd2 Ra6 13. Nf3 Nxf3+ 14. Bxf3
Rh6 15. Qd5 d6 16. Qe4 Re6 17. Qg4 f5 18. Qg3 c6 19. h3 Bb6 20. Rad1 Bc7 21. Bh5
d5 22. Qf3 dxc4 23. Qe2 b5 24. a4 Ba6 25. axb5 cxb5 26. Bf3 b4 27. Bd2 c3 28.
Qe1 cxd2 29. Qxd2 Bxf1 30. Bd5 Bb5 31. Qc2 Be5 32. Qb3 Re8 0-1

[Event "London Classic Open 2018"]
[Site "London ENG"]
[Date "2018.12.09"]
[Round "1.96"]
[White "Longson, Sarah N"]
[Black "Gilmore, Samuel"]
[Result "1/2-1/2"]
[WhiteTitle "WFM"]
[WhiteElo "2137"]
[BlackElo "1575"]
[WhiteFideId "2501465"]
[BlackFideId "448354"]
[EventDate "2018.12.09"]

1. e4 c6 2. d4 d5 3. Nc3 dxe4 4. Nxe4 Bf5 5. Ng3 Bg6 6. Nf3 Nd7 7. h4 h6 8. h5
Bh7 9. Bd3 Bxd3 10. Qxd3 e6 11. Bd2 Ngf6 12. O-O-O Bd6 13. Ne4 Nxe4 14. Qxe4 Nf6
15. Qd3 Qc7 16. c4 Rd8 17. Kb1 O-O 18. Rdg1 Ng4 19. Qe2 Rfe8 20. Nh4 Bf4 21. Bc3
f5 22. g3 Bg5 23. f3 Nf6 24. Ng6 Nd7 25. f4 Bf6 26. Qf3 Nb6 27. c5 Nd5 28. Rd1
b6 29. Ne5 Bxe5 30. cxb6 axb6 31. dxe5 c5 32. Rc1 Qa7 33. g4 Ra8 34. a3 fxg4 35.
Qxg4 Qa4 36. Rhg1 Re7 37. Bd2 Qe4+ 38. Ka2 Nb4+ 39. Bxb4 cxb4 40. Qg2 Qxg2 41.
Rxg2 bxa3 42. bxa3 Ra4 43. Rc8+ Kf7 44. Rf2 Rea7 45. Rf3 b5 46. Rfc3 Rxf4 47.
R3c7+ Rxc7 48. Rxc7+ Kg8 49. Rb7 Rf5 50. Rxb5 Rxh5 51. a4 Rh2+ 52. Rb2 Rh4 53.
Kb3 Rd4 54. a5 Rd8 55. Kc4 Rc8+ 56. Kd4 Ra8 57. Ra2 Kf7 58. a6 Ke7 59. Kc5 Kd7
60. Kb6 Rb8+ 61. Kc5 Rc8+ 62. Kb6 Rb8+ 63. Ka7 Rb5 64. Rf2 Kc6 65. Rf7 g5 66.
Rb7 Ra5 67. Rb6+ Kc7 68. Rxe6 g4 69. Re7+ Kc6 70. Re6+ Kc7 71. Rxh6 Rxe5 72.
Rh7+ Kc6 73. Rg7 Re4 1/2-1/2

[Event "London Classic Open 2018"]
[Site "London ENG"]
[Date "2018.12.09"]
[Round "1.97"]
[White "Sentissi, Yassine"]
[Black "Tozer, Philip A A"]
[Result "0-1"]
[WhiteElo "1571"]
[BlackElo "2137"]
[WhiteFideId "9011951"]
[BlackFideId "419982"]
[EventDate "2018.12.09"]

1. e4 e6 2. d4 d5 3. Nc3 Nf6 4. e5 Nfd7 5. f4 c5 6. Nf3 Nc6 7. Be3 cxd4 8. Nxd4
Bc5 9. Qd2 O-O 10. O-O-O a6 11. Qf2 Bxd4 12. Bxd4 b5 13. Be3 b4 14. Na4 a5 15.
h4 Qc7 16. h5 h6 17. Kb1 Ba6 18. Bxa6 Rxa6 19. Nc5 Raa8 20. Nxd7 Qxd7 21. Bc5
Rfc8 22. Bd6 a4 23. Rh3 b3 24. cxb3 axb3 25. Rxb3 Na5 26. Ra3 Nc4 27. Rxa8 Rxa8
28. Bc5 Rxa2 29. Kxa2 Qa4+ 30. Ba3 Qxd1 31. Qf3 Qc2 32. Qb3 Qxg2 33. Qb8+ Kh7
34. Qe8 Qe4 35. Qxf7 Nd2 36. Qg6+ Qxg6 37. hxg6+ Kxg6 38. Bf8 h5 39. Be7 Kf5 40.
Bg5 Ne4 41. b4 Nxg5 42. fxg5 Kxe5 0-1

[Event "London Classic Open 2018"]
[Site "London ENG"]
[Date "2018.12.09"]
[Round "1.98"]
[White "Gant, Chris J"]
[Black "Haddock, Paul"]
[Result "1-0"]
[WhiteTitle "FM"]
[WhiteElo "2135"]
[BlackElo "1558"]
[WhiteFideId "403946"]
[BlackFideId "419150"]
[EventDate "2018.12.09"]

1. d4 Nf6 2. c4 g6 3. Nc3 Bg7 4. e4 d6 5. Nge2 O-O 6. Ng3 e5 7. d5 a5 8. Be2 Na6
9. h4 h5 10. Bg5 Nc5 11. Bxh5 gxh5 12. Nxh5 Bg4 13. Nxf6+ Bxf6 14. Qxg4 Qd7 15.
Qxd7 Nxd7 16. Bxf6 Nxf6 17. f3 Nh5 18. g4 Nf4 19. Kd2 f6 20. h5 Rae8 21. Ne2
Nxe2 22. Kxe2 Kh7 23. b3 Kh6 24. Ke3 Re7 25. a3 Kg5 26. b4 axb4 27. axb4 b6 28.
Ra7 Rff7 29. Ra8 Kh6 30. Rha1 Rd7 31. Rh8+ Rh7 32. Rxh7+ Rxh7 33. Ra8 Kg7 34.
Rc8 Kh6 35. Rg8 Rf7 36. f4 Kh7 37. Re8 Kh6 38. Kf3 Kg7 39. Ke3 Kh6 40. Re6 Kg7
41. fxe5 fxe5 42. g5 1-0

[Event "London Classic Open 2018"]
[Site "London ENG"]
[Date "2018.12.09"]
[Round "1.99"]
[White "Buselli, Daniel"]
[Black "Burrows, Martin P"]
[Result "0-1"]
[WhiteElo "1552"]
[BlackElo "2134"]
[WhiteFideId "515728"]
[BlackFideId "409057"]
[EventDate "2018.12.09"]

1. e4 c5 2. Nf3 d6 3. d4 cxd4 4. Nxd4 Nf6 5. Nc3 a6 6. Bg5 e6 7. f4 Be7 8. Qf3
h6 9. Bh4 Nbd7 10. O-O-O Qc7 11. Be2 Rg8 12. Qe3 g5 13. fxg5 hxg5 14. Bg3 Ne5
15. Nf3 Nfd7 16. Kb1 b5 17. Nxe5 Nxe5 18. Bh5 Rg7 19. h4 Bb7 20. Rhf1 b4 21. Ne2
Rh7 22. Bxe5 Rxh5 23. Bf6 gxh4 24. Bxe7 Qxe7 25. Nf4 Re5 26. Qb6 Rd8 27. Rde1
Rb5 28. Qf2 a5 29. Rh1 a4 30. Rxh4 b3 31. cxb3 axb3 32. a3 Rc8 33. Rh8+ Kd7 34.
Rxc8 Kxc8 35. Re3 Kb8 36. Qe2 Rb6 37. Qf3 f5 38. Qg3 Bxe4+ 39. Ka1 e5 40. Rxb3
Rxb3 41. Qxb3+ Qb7 42. Qxb7+ Kxb7 43. Ne2 Bxg2 44. Kb1 f4 45. Nc3 f3 46. Nd1 e4
47. Kc2 e3 48. Nxe3 f2 49. Kc3 f1=Q 50. Nxf1 Bxf1 51. Kd4 Kc6 52. a4 Bg2 53. b3
Bf3 54. b4 Kb6 55. Kc4 Bd1 56. a5+ Kc7 57. b5 Be2+ 58. Kb4 Kb7 59. Ka4 d5 60.
Kb4 d4 61. b6 Ba6 0-1

[Event "London Classic Open 2018"]
[Site "London ENG"]
[Date "2018.12.09"]
[Round "1.100"]
[White "Menzies, Colin"]
[Black "Saidmurodov, Shahjahon"]
[Result "1-0"]
[WhiteElo "2132"]
[BlackElo "1549"]
[WhiteFideId "2502755"]
[BlackFideId "448150"]
[EventDate "2018.12.09"]

1. d4 Nf6 2. Bg5 Ne4 3. Bf4 d5 4. e3 e6 5. Bd3 Nd7 6. Bxe4 dxe4 7. Nd2 Nf6 8.
Be5 c5 9. Bxf6 gxf6 10. Nxe4 cxd4 11. Qxd4 Qxd4 12. exd4 f5 13. Nd2 Bd7 14. Ngf3
Rg8 15. g3 Bc6 16. O-O Rc8 17. Ne5 Be4 18. c3 f6 19. Nef3 Bxf3 20. Nxf3 Kf7 21.
Rfe1 Bd6 22. Re2 f4 23. Rae1 Rce8 24. Nd2 f5 25. Nc4 Bc7 26. Ne5+ Bxe5 27. Rxe5
fxg3 28. fxg3 h5 29. Kf2 h4 30. d5 hxg3+ 31. hxg3 Rh8 32. dxe6+ Kf6 33. Kf3 Kg5
34. e7 Rh7 35. c4 Rh6 36. Rd5 Rh7 37. Rd7 Rf7 38. Rxb7 Kf6 39. Rxa7 Kg7 40. c5
Rf6 41. b4 Kg8 42. b5 Rf7 43. Rd7 Kh7 44. c6 Kg7 45. c7 1-0

[Event "London Classic Open 2018"]
[Site "London ENG"]
[Date "2018.12.09"]
[Round "1.101"]
[White "Lie, Terje"]
[Black "Lindholm, Jere"]
[Result "0-1"]
[WhiteElo "1532"]
[BlackElo "2130"]
[WhiteFideId "1504916"]
[BlackFideId "508012"]
[EventDate "2018.12.09"]

1. d4 Nf6 2. c4 g6 3. Nc3 d5 4. Nf3 Bg7 5. Bf4 O-O 6. Qd2 c5 7. Bh6 dxc4 8. Bxg7
Kxg7 9. e3 cxd4 10. Qxd4 Nc6 11. Qxc4 Be6 12. Qd3 Qb6 13. Qb5 Nb4 14. Nd4 Qxb5
15. Bxb5 a6 16. Ba4 Nd3+ 17. Ke2 Nxb2 18. Nxe6+ fxe6 19. Bb3 Rac8 20. Rac1 Nc4
21. Rhd1 b5 22. f3 Kf7 23. e4 Na5 24. e5 Nxb3 25. axb3 Nd5 26. Ne4 h6 27. g3
Rfd8 28. Rxc8 Rxc8 29. Kd2 Nb4 30. Nc3 Ke8 31. f4 Rd8+ 32. Ke2 Rxd1 33. Kxd1 Kd7
34. Kd2 Kc6 35. Ne4 Kd5 36. Nf2 Kd4 37. Ng4 h5 38. Nh6 a5 39. h3 a4 40. bxa4
bxa4 41. Kc1 a3 42. g4 Kc3 43. Kb1 a2+ 44. Ka1 Kb3 0-1

[Event "London Classic Open 2018"]
[Site "London ENG"]
[Date "2018.12.09"]
[Round "1.102"]
[White "Osborne, Marcus E"]
[Black "McManus, Gordon"]
[Result "1-0"]
[WhiteElo "2128"]
[BlackElo "1463"]
[WhiteFideId "404608"]
[BlackFideId "432857"]
[EventDate "2018.12.09"]

1. d4 f5 2. Bg5 Nf6 3. Bxf6 exf6 4. e3 d5 5. c4 c6 6. Nc3 Bb4 7. Bd3 g6 8. h4 h5
9. Qb3 Qa5 10. Ne2 Bxc3+ 11. Nxc3 dxc4 12. Bxc4 Kf8 13. O-O-O Kg7 14. Rhe1 b5
15. Be6 Nd7 16. e4 fxe4 17. Nxe4 Qa4 18. Qf3 Rf8 19. Nc3 Qa6 20. Bxd7 Bxd7 21.
Re7+ Rf7 22. Rxf7+ Kxf7 23. Ne4 f5 24. Qb3+ Kg7 25. Ng5 Rf8 26. Re1 Kf6 27. Re6+ 1-0

[Event "London Classic Open 2018"]
[Site "London ENG"]
[Date "2018.12.09"]
[Round "1.103"]
[White "Hizarci, Bora"]
[Black "Bhawoodien, Mohamed Ozayr"]
[Result "0-1"]
[BlackTitle "FM"]
[WhiteElo "1453"]
[BlackElo "2123"]
[WhiteFideId "457698"]
[BlackFideId "14306484"]
[EventDate "2018.12.09"]

1. d4 Nf6 2. c4 e6 3. Nc3 Bb4 4. Qb3 a5 5. e3 O-O 6. g3 d5 7. Bg2 c6 8. Ne2 b6
9. O-O dxc4 10. Qxc4 Ba6 11. Qb3 Bxc3 12. Nxc3 Bxf1 13. Kxf1 Nd5 14. Ne2 a4 15.
Qd3 Qd7 16. Bd2 Rd8 17. Rd1 Na6 18. a3 c5 19. Bc3 cxd4 20. Qxd4 f6 21. e4 Ne3+
22. fxe3 Qe8 23. Qxb6 Rxd1+ 24. Kf2 e5 25. b4 Kh8 26. b5 Rb1 27. Bh3 Rxb5 28.
Qe6 Qxe6 29. Bxe6 Nc5 30. Bd5 Nd3+ 31. Kf3 Rc8 32. Bb4 Nxb4 33. axb4 Rxb4 0-1

[Event "London Classic Open 2018"]
[Site "London ENG"]
[Date "2018.12.09"]
[Round "1.104"]
[White "Sedykh, Mikhail"]
[Black "Ellis, Bryan Timothy"]
[Result "1-0"]
[WhiteElo "2118"]
[BlackElo "1263"]
[WhiteFideId "447498"]
[BlackFideId "30948550"]
[EventDate "2018.12.09"]

1. e4 e6 2. d4 d5 3. e5 c5 4. c3 Nc6 5. Nf3 Bd7 6. Be2 Qc7 7. O-O Be7 8. Bf4 h6
9. dxc5 Bxc5 10. Nbd2 Nge7 11. Nb3 Bb6 12. Nbd4 a6 13. Qd2 g5 14. Bg3 g4 15. Nh4
Nxd4 16. cxd4 O-O-O 17. Bxg4 Rdg8 18. Be2 Bc6 19. Rfc1 Kd7 20. b4 Ba7 21. a4 b5
22. axb5 axb5 23. f4 Rb8 24. f5 Qb6 25. Bf2 Rbg8 26. f6 Nf5 27. Nxf5 exf5 28.
Qc2 Ke6 29. Qxc6+ Qxc6 30. Rxc6+ Kd7 31. Rd6+ Kc7 32. Rxa7+ Kb8 33. Rdd7 Kc8 34.
Rxf7 Kb8 35. Bxb5 Rc8 36. Rfb7# 1-0

[Event "London Classic Open 2018"]
[Site "London ENG"]
[Date "2018.12.09"]
[Round "1.107"]
[White "Istratescu, Andrei"]
[Black "Lim, Zhuo Ren"]
[Result "1-0"]
[WhiteTitle "GM"]
[BlackTitle "FM"]
[WhiteElo "2564"]
[BlackElo "2184"]
[WhiteFideId "1200372"]
[BlackFideId "5702488"]
[EventDate "2018.12.09"]

1. e4 c5 2. Nf3 d6 3. d4 cxd4 4. Nxd4 Nf6 5. Nc3 a6 6. f3 e5 7. Nb3 Be6 8. Be3
h5 9. Qd2 Nbd7 10. Nd5 Bxd5 11. exd5 g6 12. Be2 Bg7 13. Na5 Qc7 14. c4 e4 15. f4
Ng4 16. Bxg4 hxg4 17. Rc1 b6 18. Nc6 Nc5 19. O-O Nd3 20. f5 Nxc1 21. Qxc1 Be5
22. Bf4 f6 23. fxg6 Qg7 24. c5 bxc5 25. Bxe5 fxe5 26. Qg5 Rf8 27. Rxf8+ Kxf8 28.
Nd8 Kg8 29. Nf7 e3 30. Nh6+ Kh8 31. Nf5 e2 32. Qh4+ 1-0

[Event "London Classic Open 2018"]
[Site "London ENG"]
[Date "2018.12.09"]
[Round "1.108"]
[White "Eche, Sylvain"]
[Black "Ghukasyan, Siranush"]
[Result "0-1"]
[BlackTitle "WIM"]
[WhiteElo "2136"]
[BlackElo "2245"]
[WhiteFideId "627194"]
[BlackFideId "13300946"]
[EventDate "2018.12.09"]

1. e4 e5 2. Nf3 Nc6 3. d4 exd4 4. Bc4 Bc5 5. c3 Nf6 6. e5 d5 7. Bb5 Ne4 8. cxd4
Bb6 9. Be3 O-O 10. Nbd2 Bg4 11. Bxc6 bxc6 12. Qc2 Nxd2 13. Nxd2 f6 14. h3 Bd7
15. Nf3 fxe5 16. Nxe5 Ba5+ 17. Bd2 Bf5 18. Qd1 Bb6 19. Be3 Ba5+ 20. Bd2 Bb6 21.
Bb4 Re8 22. O-O c5 23. Nc6 Qd7 24. dxc5 Qxc6 25. cxb6 axb6 26. Qf3 Qd7 27. Rfd1
Be4 28. Qg3 c5 29. Bd2 Re6 30. f3 Rg6 31. Qf2 Rf8 32. Kh2 Qd6+ 33. Kh1 Qe6 34.
Re1 Rxf3 35. Qxf3 Bxf3 36. Rxe6 Bxg2+ 37. Kh2 Rxe6 38. Re1 Rxe1 39. Bxe1 Be4 40.
Kg3 Kf7 41. Kf4 Ke6 42. a4 Bc2 43. a5 bxa5 44. Bxa5 d4 45. b4 c4 46. b5 Kd5 47.
Bb4 Ba4 48. b6 Bc6 49. Kf3 c3 50. Ke2 Kc4 51. Bf8 d3+ 0-1

[Event "London Classic Open 2018"]
[Site "London ENG"]
[Date "2018.12.10"]
[Round "2.1"]
[White "Melkumyan, Hrant"]
[Black "Barrish, Daniel"]
[Result "1-0"]
[WhiteTitle "GM"]
[BlackTitle "FM"]
[WhiteElo "2670"]
[BlackElo "2252"]
[WhiteFideId "13302485"]
[BlackFideId "14304600"]
[EventDate "2018.12.09"]

1. d4 Nf6 2. Nf3 g6 3. Nbd2 d5 4. e3 Bg7 5. b4 O-O 6. Be2 Ne4 7. Nxe4 dxe4 8.
Nd2 e5 9. c3 exd4 10. cxd4 Qe7 11. a4 Re8 12. O-O Nd7 13. Ba3 Nb6 14. Qc2 Bf5
15. Rac1 Rac8 16. a5 Nd5 17. Qc5 Qd7 18. Qxa7 Qa4 19. Nb1 Nxb4 20. Bd1 Qb5 21.
Nc3 Qa6 22. Qxa6 Nxa6 23. Nd5 Bf8 24. Bxf8 Kxf8 25. Be2 Re6 26. g4 Rd6 27. Nc3
Be6 28. Nxe4 Rd5 29. Ra1 c5 30. Bc4 Rdd8 31. Bxa6 bxa6 32. Nxc5 Bxg4 33. f3 Bd7
34. Nb7 Bb5 35. Nxd8 Bxf1 36. Nxf7 Kxf7 37. Kxf1 Rc2 38. Rb1 Rxh2 39. Rb6 Ra2
40. Rxa6 h5 41. Ra8 Ra3 42. a6 Rxe3 43. a7 1-0

[Event "London Classic Open 2018"]
[Site "London ENG"]
[Date "2018.12.10"]
[Round "2.2"]
[White "Venkataramanan, T.S."]
[Black "Moussard, Jules"]
[Result "0-1"]
[WhiteTitle "FM"]
[BlackTitle "GM"]
[WhiteElo "2253"]
[BlackElo "2591"]
[WhiteFideId "5001579"]
[BlackFideId "642908"]
[EventDate "2018.12.09"]

1. e4 c5 2. c3 Nf6 3. e5 Nd5 4. d4 cxd4 5. Nf3 Nc6 6. Bc4 Nb6 7. Bb3 d5 8. exd6
Qxd6 9. O-O Bf5 10. Nxd4 Nxd4 11. cxd4 e6 12. Nc3 Be7 13. Qf3 O-O 14. Rd1 a5 15.
a4 Bg6 16. Bf4 Qc6 17. d5 exd5 18. Bxd5 Nxd5 19. Nxd5 Bd8 20. Rdc1 Qd7 21. Re1
Ra6 22. Rad1 Qxa4 23. Nc3 Qb4 24. Qg3 Qxb2 25. Bd6 Rxd6 26. Qxd6 Bh4 27. g3 Qxc3
28. gxh4 Qc8 29. Rd4 h5 30. Re5 f6 31. Rxa5 Re8 32. Qd5+ Kh7 33. Qf3 Re1+ 34.
Kg2 Qe8 35. Qxb7 Be4+ 36. Rxe4 Rxe4 37. Rxh5+ Kg6 38. Rh8 Qe6 39. h5+ Kf5 40.
Qb5+ Kf4 41. h3 Rd4 42. Re8 Qd5+ 43. Qxd5 Rxd5 44. Rh8 Rg5+ 45. Kf1 Kf3 46. h6
Ra5 47. Ke1 gxh6 48. Rxh6 Ra1+ 49. Kd2 f5 50. Rh4 f4 51. Rg4 Rh1 52. Rh4 Rf1 53.
Rh8 Rxf2+ 54. Kd3 Rh2 55. h4 Kg2 56. h5 Rh3+ 57. Ke4 f3 58. Rg8+ Kf2 59. Kf4
Rxh5 60. Rb8 Rh4+ 61. Kg5 Rd4 62. Kf5 Kg2 63. Rg8+ Kf1 0-1

[Event "London Classic Open 2018"]
[Site "London ENG"]
[Date "2018.12.10"]
[Round "2.3"]
[White "Yuffa, Daniil"]
[Black "Richardson, John R"]
[Result "1-0"]
[WhiteTitle "GM"]
[BlackTitle "FM"]
[WhiteElo "2572"]
[BlackElo "2242"]
[WhiteFideId "24131423"]
[BlackFideId "401617"]
[EventDate "2018.12.09"]

1. d4 Nf6 2. c4 e6 3. g3 Bb4+ 4. Bd2 Be7 5. Bg2 d5 6. Nf3 O-O 7. O-O c6 8. Qb3
Nbd7 9. Rd1 b6 10. Bc3 a5 11. Nbd2 Bb7 12. a4 c5 13. Ne5 dxc4 14. Ndxc4 Bxg2 15.
Kxg2 Qc7 16. Qb5 Rfd8 17. Nc6 Re8 18. Nxe7+ Rxe7 19. dxc5 bxc5 20. Bxa5 Qc8 21.
Nd6 Qf8 22. Bc3 Nd5 23. Nf5 exf5 24. Rxd5 Rb8 25. Qd3 Qc8 26. Qxf5 Qc6 27. e4
Rbe8 28. f3 g6 29. Qf4 Qa6 30. a5 f6 31. Qd2 Qc8 32. a6 f5 33. a7 Nb6 34. Rxf5
gxf5 35. Qg5+ Kf8 36. Qf6+ Rf7 37. Qxb6 fxe4 38. a8=Q exf3+ 39. Kf2 1-0

[Event "London Classic Open 2018"]
[Site "London ENG"]
[Date "2018.12.10"]
[Round "2.4"]
[White "Ghukasyan, Siranush"]
[Black "Istratescu, Andrei"]
[Result "0-1"]
[WhiteTitle "WIM"]
[BlackTitle "GM"]
[WhiteElo "2245"]
[BlackElo "2564"]
[WhiteFideId "13300946"]
[BlackFideId "1200372"]
[EventDate "2018.12.09"]

1. e4 c5 2. Nf3 Nc6 3. Bb5 e6 4. O-O Nge7 5. d4 cxd4 6. Nxd4 Qb6 7. Nxc6 bxc6 8.
Bd3 Ng6 9. Nd2 Be7 10. Re1 Qc7 11. Nf1 c5 12. c4 Bf6 13. Rb1 Rb8 14. Ne3 O-O 15.
Bf1 Bb7 16. Nc2 Rbd8 17. b4 d5 18. exd5 exd5 19. bxc5 dxc4 20. Qg4 c3 21. Be3
Rfe8 22. Qg3 Be5 23. f4 Bf6 24. Qf2 Be4 25. Bb5 Bxc2 26. Qxc2 Rxe3 27. Rxe3 Qxc5
28. Qe4 c2 0-1